| 000 | 00455cam a2200181ua 4500 | ||
|---|---|---|---|
| 020 | _c12.00 | ||
| 041 |
_aeng _h |
||
| 082 |
_a516.05 _b SHA/PR |
||
| 100 | _aShariff, Abdulla . | ||
| 245 |
_aPractical plane and solid geometry / _cAbdulla Shariff. _hTextual Documents |
||
| 250 |
_a2 / _b. |
||
| 260 |
_aMumbai : _bAsia Publishing House , _c1965. |
||
| 300 | _a334 ; . | ||
| 365 | _a12.00 | ||
| 504 | _a | ||
| 942 | _cBK | ||
| 999 |
_c3013 _d3013 |
||